Dicionário filosófico (Registo nº 198883)

Detalhes MARC
000 -Etiqueta do registo
Valores 00681nam a2200229 4500
100 ## - Dados gerais de processamento
Dados gerais 20251106 pory50
200 ## - Titulo e menção de responsabilidade
Título próprio Dicionário filosófico
Primeira menção de responsabilidade direcção M. M. Rosental, P. F. Iudin
Outras menções de responsabilidade tradução Luís Marques Silva
205 ## - Menção da edição
Edição
210 ## - Publicação
Local de publicação Lisboa
Nome do editor Estampa
Data de publicação [19??]
215 ## - Descrição física 
Paginação / Volumes 184, [6] p.
Outras indicações físicas brochado
Dimensões 19 cm
225 ## - Colecção 
Título próprio da colecção Biblioteca Estampa
Número de parte ou secção 2
327 ## - Nota de conteúdo
Texto da nota vol. III : G a L. - 184, [6] p.
606 ## - Nome comum usado como assunto
ID Autoridade 32
Palavra de ordem Filosofia
675 ## - CDU
Notação 1
Edição PT
Língua por
700 ## - Autor principal (pessoa individual)
ID Autoridade 14794
Apelido Rosental
Nome M. M.
701 ## - Co-autor principal (pessoa individual)
ID Autoridade 14795
Apelido Ludin
Nome P. F.
702 ## - Autor secundário (pessoa individual)
ID Autoridade 14796
Apelido Silva
Nome Luís Marques
801 ## - Fonte de origem
País PT
Agência BMMN
Regras de catalogação RPC
830 ## - Notas gerais do catalogador
Criado por Vanda
990 ## - Elementos KOHA
Tipo de documento Livro
Exemplares
Situação do levantamento Biblioteca de origem Código de barras Cota Permissão de empréstimo Tipo de documento Forma de aquisição
  Biblioteca Municipal de Montemor-o-Novo 27461 1 DIC|DEP   Livro Compra

Powered by Koha